<?xml version="1.0" encoding="UTF-8"?>
<record
    xmlns:xsi="http://www.w3.org/2001/XMLSchema-instance"
    xsi:schemaLocation="http://www.loc.gov/MARC21/slim http://www.loc.gov/standards/marcxml/schema/MARC21slim.xsd"
    xmlns="http://www.loc.gov/MARC21/slim">

  <leader>00376nam a2200121Ia 4500</leader>
  <controlfield tag="008">151001s9999||||xx |||||||||||||| ||und||</controlfield>
  <datafield tag="100" ind1=" " ind2=" ">
    <subfield code="a">&#x91C;&#x94D;&#x92F;&#x94B;&#x924;&#x93F;&#x92C;&#x93E;  &#x92B;&#x941;&#x932;&#x947;</subfield>
  </datafield>
  <datafield tag="245" ind1=" " ind2=" ">
    <subfield code="a">&#x92C;&#x94D;&#x930;&#x93E;&#x92E;&#x94D;&#x939;&#x923;&#x93E;&#x91A;&#x947; &#x915;&#x938;&#x92C; &#x935; &#x907;&#x924;&#x930; &#x932;&#x947;&#x916; </subfield>
  </datafield>
  <datafield tag="250" ind1=" " ind2=" ">
    <subfield code="a">1         </subfield>
  </datafield>
  <datafield tag="260" ind1=" " ind2=" ">
    <subfield code="b">&#x930;&#x918;&#x941;&#x935;&#x902;&#x936;&#x940; &#x92A;&#x94D;&#x930;&#x915;&#x93E;&#x936;&#x928;</subfield>
  </datafield>
  <datafield tag="300" ind1=" " ind2=" ">
    <subfield code="a">160</subfield>
  </datafield>
  <datafield tag="365" ind1=" " ind2=" ">
    <subfield code="b">21</subfield>
  </datafield>
  <datafield tag="999" ind1=" " ind2=" ">
    <subfield code="c">979952</subfield>
    <subfield code="d">979949</subfield>
  </datafield>
</record>
